000 00596nam a2200181 i 4500
001 21311
003 ES-MaACL
005 20230906152446.0
007 t|
008 021122s1934 sp ||||1| spa d
100 1 _aAdan, Joaquín.
_918409
245 1 0 _aVizcaya en la unidad económica española
_b: conferencia pronunciada en la Cámara de Comercio de Madrid, el día 19 de mayo de 1934 /
_cJoaquín Adán.
260 _aBilbao :
_b[s.n.],
_c1934 (
_fImp. Mayli)
300 _a29 p. ;
_c23 cm.
852 _aES-MaACL
_j1803-F-7
852 _aES-MaACL
_j1793-F-23
852 _aES-MaACL
_j1796-F-1
999 _c21311
_d21311